Państwa, które nigdy nie zagrały na Euro - Statystyki

Ogólne statystyki
  • Ten quiz został rozwiązany 174 razy
    34 od ostatniego zresetowania
  • Średni wynik to 14 z 19
Statystyki odpowiedzi
Państwa % Poprawnych
San Marino
96%
Andora
91%
Liechtenstein
87%
Litwa
87%
Estonia
83%
Luksemburg
83%
Kosowo
78%
Malta
78%
Wyspy Owcze
78%
Armenia
74%
Białoruś
74%
Mołdawia
74%
Azerbejdżan
65%
Bośnia i Hercegowina
65%
Czarnogóra
65%
Cypr
61%
Gibraltar
61%
Izrael
57%
Kazachstan
57%
Nie znaleziono quizów pasujących do podanych kryteriów
Rozkład punktacji
Procent ludzi z każdym wynikiem
Percentyl według liczby udzielonych odpowiedzi
Twoja historia wyników
Nie rozwiązałeś tego quizu od ostatniego zresetowania